| 000 | 00659nam a22001937a 4500 | ||
|---|---|---|---|
| 005 | 20251108165956.0 | ||
| 008 | 250721s1999 xx 000 0 ara d | ||
| 082 | 1 | 4 | _aط/218.82/شلب |
| 100 | 1 | _aشلبي، سعد إسماعيل | |
| 245 | 1 | 0 | _aموسى عليه السلام و فرعون و السحرة / |
| 264 | 1 |
_aالقاهرة : _bدار الفكر العربي، _c1999. |
|
| 300 | _a24ص | ||
| 490 | 0 | _aأطفالنا في رحاب القرآن الكريم : أيات و قصة ؛31 | |
| 650 | 1 | 7 | _aقصص القرآن |
| 650 | 1 | 7 | _aالأنبياء |
| 653 | _aناشئون صغار (10-14) سنة | ||
| 942 |
_2ddc _cBK |
||
| 999 |
_c36392 _d36392 |
||